000 006220000a22001930004500
001 768714001
003 CO-MdFUSB
005 20170614122920.0
008 170614s2010 cr ||||| |||| 00| 0 sp d
040 _aCO-MdFUSB
_bspa
_cCO-MdFUSB
_dCO-MdFUSB
041 _aspa
100 1 _aGreen, Guillermo.
_eautor
245 1 0 _aLa suficiencia de las escrituras y el G-12
300 _aVolumen 12. Número 1 (2010), Páginas 73-90
_c21 cm.
546 _aTexto en español
650 1 4 _aJUSTIFICACIÓN
773 0 _tRevista Reforma Siglo 21
_049443
_960190
_gVolumen 12. Número 1 (2010), Páginas 73-90
_q Página 73
942 _cANA
999 _c63372
_d63372